<?xml version="1.0" encoding="UTF-8"?>
<collection xmlns:xsi="http://www.w3.org/2001/XMLSchema-instance" xsi:schemaLocation="http://www.loc.gov/MARC21/slim http://www.loc.gov/standards/marcxml/schema/MARC21slim.xsd" xmlns="http://www.loc.gov/MARC21/slim">
 <record>
  <leader>00000cam a22000003i 4500</leader>
  <controlfield tag="001">UP-1685594773861771971</controlfield>
  <controlfield tag="003">Buklod</controlfield>
  <controlfield tag="005">20100308094714.0</controlfield>
  <controlfield tag="006">a     r    |||| u|</controlfield>
  <controlfield tag="007">ta</controlfield>
  <controlfield tag="008">170913s1994    caua    rb   |||| u|eng d</controlfield>
  <datafield tag="020" ind1=" " ind2=" ">
   <subfield code="a">0803961073 (pbk. : alk. paper)</subfield>
  </datafield>
  <datafield tag="035" ind1=" " ind2=" ">
   <subfield code="a">(iLib)UPBAG-00007338121</subfield>
  </datafield>
  <datafield tag="037" ind1=" " ind2=" ">
   <subfield code="a">BC-32406</subfield>
   <subfield code="c">Php805.00</subfield>
  </datafield>
  <datafield tag="040" ind1=" " ind2=" ">
   <subfield code="a">DLC</subfield>
   <subfield code="d">BAG</subfield>
   <subfield code="e">rda</subfield>
  </datafield>
  <datafield tag="041" ind1="0" ind2=" ">
   <subfield code="a">eng</subfield>
  </datafield>
  <datafield tag="090" ind1=" " ind2="0">
   <subfield code="a">LC 1099.3</subfield>
   <subfield code="b">C67</subfield>
  </datafield>
  <datafield tag="100" ind1="1" ind2=" ">
   <subfield code="a">Cordeiro, Paula A.</subfield>
   <subfield code="e">author.</subfield>
  </datafield>
  <datafield tag="245" ind1="1" ind2="0">
   <subfield code="a">Multiculturalism and TQE</subfield>
   <subfield code="b">addressing cultural diversity in schools</subfield>
   <subfield code="c">Paula A. Cordeiro, Timothy G. Reagan, Linda P. Martinez.</subfield>
  </datafield>
  <datafield tag="264" ind1=" " ind2="1">
   <subfield code="a">Thousand Oaks, California</subfield>
   <subfield code="b">Corwin Press, Inc.</subfield>
   <subfield code="c">©1994.</subfield>
  </datafield>
  <datafield tag="300" ind1=" " ind2=" ">
   <subfield code="a">xvi, 108 pages</subfield>
   <subfield code="c">23 cm</subfield>
  </datafield>
  <datafield tag="336" ind1=" " ind2=" ">
   <subfield code="a">text</subfield>
   <subfield code="2">rdacontent</subfield>
  </datafield>
  <datafield tag="337" ind1=" " ind2=" ">
   <subfield code="a">unmediated</subfield>
   <subfield code="2">rdamedia</subfield>
  </datafield>
  <datafield tag="338" ind1=" " ind2=" ">
   <subfield code="a">volume</subfield>
   <subfield code="2">rdacarrier</subfield>
  </datafield>
  <datafield tag="490" ind1="0" ind2=" ">
   <subfield code="a">Total quality education for the world's best schools</subfield>
   <subfield code="v">7</subfield>
  </datafield>
  <datafield tag="504" ind1=" " ind2=" ">
   <subfield code="a">Includes bibliographical references.</subfield>
  </datafield>
  <datafield tag="505" ind1="0" ind2=" ">
   <subfield code="a">FForeword / Larry E. Frase -- 1. Understanding Cultural Diversity. The Reality of Cultural Diversity in American Education. What Is a &quot;Culture&quot;? Competing Models and Approaches. Unity and Diversity: The Essential Tension. The American Experience in Historical Perspective. Competing Perspectives. The Case for Multiculturalism. Multiculturalism and TQE -- 2. Recognizing and Confronting Prejudice and Discrimination. Understanding Prejudice and Discrimination. The Nature of Prejudice. The Nature of Discrimination. The Interrelationship of Prejudice and Discrimination. Racism, Sexism, Ageism, and Beyond. Examining Discrimination and Power. Eliminating Discrimination: Selected Activities and Approaches -- 3. Eliminating Structural Barriers That Limit Student Access. Second-Generation Discrimination. Eliminating Fundamental Barriers to Access. Academic Groupings. Discipline. The School Building: Inviting or Prisonlike. Testing Issues. The Curriculum. Teaching Practices. The Limited Roles of Teachers, Students, and Families -- 4. Enhancing Staff and Curriculum Development. Diversity in Schools. Administrators: Role Models of Praxis. Culturally Responsive Teaching. Enhancing Diversity: The Roles of Classified Staff Members. Focusing on the Curriculum. Teaching From a Multicultural Perspective. Increasing Knowledge About Issues of Diversity -- 5. Fostering School, Community, and Family Partnerships. The Changing Demographics of America's Schoolchildren. Ethnic, Racial, and Cultural Factors. Formulating a New Concept of Family. Creating a New Paradigm for Family Involvement. Categories of Family Involvement. Schools as Caring Communities -- 6. Sustaining a Multicultural Ethos. Changing Mind-Sets. Challenging Mental Models. Creative Tension. Self-Maintaining, Self-Renewing, and Self-Transcending Schools -- 7. Total Quality Leadership: New Skills for a Changing Paradigm. Modeling Behavior. Cultivating a Collaborative School Culture. Embracing a Vision. Supplying Individual Support. Providing Intellectual Stimulation. Holding High-Performance Expectations. Cultural Diversity: A Jalapeno in a Candy Jar -- Planning and Troubleshooting Guide.</subfield>
  </datafield>
  <datafield tag="650" ind1=" " ind2="0">
   <subfield code="a">Multicultural education</subfield>
   <subfield code="z">United States.</subfield>
  </datafield>
  <datafield tag="650" ind1=" " ind2="0">
   <subfield code="a">Total quality management</subfield>
   <subfield code="z">United States.</subfield>
  </datafield>
  <datafield tag="700" ind1="1" ind2=" ">
   <subfield code="a">Reagan, Timothy G.</subfield>
   <subfield code="e">author.</subfield>
  </datafield>
  <datafield tag="700" ind1="1" ind2=" ">
   <subfield code="a">Martinez, Linda P.</subfield>
   <subfield code="e">author.</subfield>
  </datafield>
  <datafield tag="905" ind1=" " ind2=" ">
   <subfield code="a">FO</subfield>
  </datafield>
  <datafield tag="852" ind1="0" ind2=" ">
   <subfield code="a">UPBAG</subfield>
   <subfield code="b">UPBAG-MAIN</subfield>
   <subfield code="h">LC 1099.3 C67</subfield>
  </datafield>
  <datafield tag="942" ind1=" " ind2=" ">
   <subfield code="a">Book</subfield>
  </datafield>
 </record>
</collection>
